01011nam a22002417a 450000500170000001000150001702000260003203500130005803500130007103700130008403700230009708200140012024501160013426000370025027000430028730000210033050000190035170000340037094200280040499900170043295201340044995201860058320130719111918.0 aENG-104490 a9788178358147c750.00 aEN-88023 aB-491420 bDBAD/PUB bLiteracy House/Ven a304.2095400aHuman freedom and environment :cedited by Indoo Pandey Khanduribcontemporary paradigms and moral strategies / aDelhibKalpaz Publicationsc2010 aC-30, Satyawati Nagar,b Delhie110052 a327p.c22cm (Hb) aIncludes index aKhanduri, Indoo Pandey937565 2ddccENmHUMh304.20954 c59958d59958 00102ddc40718NFICaDBADbDBADd2011-12-26eDBAD / PUBg750.00l0o304.20954 HUMpEN-88023r2011-12-26 00:00:00t1v750.00yEN 001040708NFICaBL1bBL1d2013-07-19eLiteracy House/414/13/11.01.2013/22/18.12.2012/18.01.2013g750.00l0o304.20954 HUMpB-491420r2013-07-19 00:00:00t1v750.00w2013-07-19yEN